000 00992nam a2200229 a 4500
001 BRCA_864
005 20190320203202.0
008 950727s1994 sp-a---##b---f000-0#spa-#
020 _a8488044089
040 _aDLC
_cDLC
_dDLC
050 4 _aNK5205.R4
_b.P37 1994
100 1 _aPastor Rey de Viñas, Paloma
_92881
245 1 0 _aHistoria de la Real Fábrica de Cristales de San Ildefonso durante la época de la Ilustración
_b1727-1810
_cPaloma Pastor Rey de Viñas.
260 _a[España]
_bFundación Centro Nacional del Vidrio : Consejo Superior de Investigaciones Científicas : Patrimonio Nacional
_c1994
300 _axxxv, 847 p.
_bil.
_c29 cm.
500 _aIncluye referencias documentales
504 _aBibliografía: p. 817-826
610 2 4 _aReal Fábrica de Cristales de San Ildefonso
_xHistoria
_92882
650 1 4 _aVidrio cristalino
_xHistoria
_ySiglos XVIII y XIX
_zEspaña
_92883
650 1 4 _aFabricación del vidrio
_xHistoria
_ySiglos XVIII y XIX
_zEspaña
_92884
942 _2lcc
_cB
999 _c759
_d759